| 000 | 00805nam a22002297a 4500 | ||
|---|---|---|---|
| 001 | 80450 | ||
| 003 | BD-RjUL | ||
| 005 | 20230411115928.0 | ||
| 008 | 220927s1993 bg a|||| m||| 00| 0 eng d | ||
| 035 | _a(BD-RjUL)80450 | ||
| 040 |
_aBD-RjUL _beng _cBD-RjUL _dBD-RjUL |
||
| 041 | _aeng | ||
| 082 |
_223 _a541.2242 _bHOS 1993 |
||
| 100 |
_aHossain, Md. Bellal _95042 |
||
| 245 | 1 | 0 |
_aStudy of formation of a new radical from two or more known Radicals / _cBy Md. Bellal Hossain : |
| 260 |
_aRajshahi : _bDepartment of Mathematics, University of Rajshahi, _c1993 |
||
| 300 |
_a(ii), 91 leaves : _bill, ; _c29.cm. |
||
| 502 | _aThesis (M. Phil.) -- Department of Mathematics, University of Rajshahi, 1993 | ||
| 504 | _aReferences : Leaves 89 - 91 | ||
| 650 |
_aRadicals (Chemistry) _95043 |
||
| 942 |
_2ddc _cTHE |
||
| 999 |
_c80450 _d80450 |
||